The hatseller and the monkeys : (Record no. 4397)

MARC details
000 -LEADER
fixed length control field 00923pam a2200253 a 4500
005 - DATE AND TIME OF LATEST TRANSACTION
control field 20240820082417.0
020 ## - INTERNATIONAL STANDARD BOOK NUMBER
International Standard Book Number 059960717
040 ## - CATALOGING SOURCE
Original cataloging agency DLC
Transcribing agency DLC
Modifying agency DLC
Language of cataloging eng
050 00 - LIBRARY OF CONGRESS CALL NUMBER
Classification number PZ8.1.D564
Item number 1999
082 00 - DEWEY DECIMAL CLASSIFICATION NUMBER
Classification number 398.2
100 1# - MAIN ENTRY--PERSONAL NAME
Personal name Diakité, Baba Wagué
245 14 - TITLE STATEMENT
Title The hatseller and the monkeys :
Remainder of title a West African folktale /
Statement of responsibility, etc. retold and illustrated by Baba Wagué Diakité
250 ## - EDITION STATEMENT
Edition statement First Scholastic printing , January 2000
260 ## - PUBLICATION, DISTRIBUTION, ETC.
Place of publication, distribution, etc. New York :
Name of publisher, distributor, etc. Scholastic ;
Date of publication, distribution, etc. 1999 .
300 ## - PHYSICAL DESCRIPTION
Extent 28 unnumbered pages :
Other physical details color illustrations ;
Dimensions 24 cm .
505 ## - FORMATTED CONTENTS NOTE
Formatted contents note Z <br/>
520 ## - SUMMARY, ETC.
Summary, etc. An African version of the familiar story of a man who sets off to sell his hats, only to have them stolen by a treeful of mischievous monkeys.
521 ## - TARGET AUDIENCE NOTE
Target audience note 910 <br/>
Source Lexile AD <br/>
521 ## - TARGET AUDIENCE NOTE
Target audience note Z <br/>
Source Raz-Plus <br/>
650 #1 - SUBJECT ADDED ENTRY--TOPICAL TERM
Topical term or geographic name entry element Folklore
Geographic subdivision Mali.
906 ## - LOCAL DATA ELEMENT F, LDF (RLIN)
a 7
b cbc
c orignew
d 1
e ocip
f 19
g y-gencatlg
942 ## - ADDED ENTRY ELEMENTS (KOHA)
Source of classification or shelving scheme Dewey Decimal Classification
Koha item type Books
Suppress in OPAC No
999 ## -
-- 4397
-- 4397
Holdings
Withdrawn status Lost status Source of classification or shelving scheme Damaged status Not for loan Collection Home library Current library Shelving location Date acquired Total Checkouts Full call number Barcode Date last seen Price effective from Koha item type
    Dewey Decimal Classification     Juvenile Fiction Footprints International School Library Network Toul Tom Poung Campus Footprints International School Library Network Toul Tom Poung Campus TTP Secondary Fiction Bookshelves 08/20/2024   DIA 398.2 PZ8.D564 FISBK05820 08/20/2024 08/20/2024 Books